000 00444nam a2200157Ia 4500
008 240729s9999 xx 000 0 und d
022 _a1998-4766
245 0 _aJournal of Human Reproductive Sciences
260 _aIndia
260 _bWolters Kluwer Medknow Publications
650 _a Gynecology and obstetrics
650 _aMedicine
856 _uhttps://doaj.org/toc/e76c102eb86b4e76a19e555574680588
942 _2ddc
942 _cDOAJEJ
999 _c71629
_d71629
945 _a1
_bMadushi Gamage
_c1
_dMadushi Gamage